Born in Tallahassee/Florida - Statistics

General Stats
  • This quiz has been taken 12 times
    3 since last reset
  • The average score is 3 of 6
Answer Stats
Hint Answer % Correct
Cornerback who plays for the Detroit Lions 2003 Terrion Arnold
100%
Rapper and singer, "Low" "Bartender" "Buy U a Drank" 1984 T-Pain
100%
Former cornerback who played most notably for the San Diego Chargers and New York Jets. He holds the tied record for the longest scoring play in NFL history 1984 Antonio Cromartie
50%
Governor of Florida from 1955 to 1961 1909 LeRoy Collins
0%
Actor, "Boardwalk Empire" "Fast & Furious" "Joker" 1969 Shea Whigham
0%
TV personality, founder of the Famous Amos chocolate-chip cookie and host of "Learn to Read" 1936 Wally Amos
0%
No matching quizzes found
Score Distribution
Percent of People with Each Score
Percentile by Number Answered
Your Score History
You have not taken this quiz since the last reset